Faculty of Law Library — Cairo University

Official Online Catalog

A Text-book Of Experimental Psychology With Laboratory Exercises. (Record no. 74992)

MARC details
000 -LEADER
fixed length control field 01119nam a2200325 i 4500
003 - CONTROL NUMBER IDENTIFIER
control field EG-GICUC
005 - DATE AND TIME OF LATEST TRANSACTION
control field 20260502195436.0
008 - FIXED-LENGTH DATA ELEMENTS--GENERAL INFORMATION
fixed length control field 260502s1928 uk ||||fr|||| 00| 0 eng d
040 ## - CATALOGING SOURCE
Original cataloging agency EG-GiCUC
Language of cataloging eng
Transcribing agency EG-GiCUC
Modifying agency EG-GiCUC
Description conventions Rda
082 04 - DEWEY DECIMAL CLASSIFICATION NUMBER
Edition number 21
Classification number 343.623
Item number MY . T
092 04 - LOCALLY ASSIGNED DEWEY CALL NUMBER (OCLC)
Edition number 21
099 ## - LOCAL FREE-TEXT CALL NUMBER (OCLC)
Classification number Law1 10 343.623 MY . T 1928
100 1# - MAIN ENTRY--PERSONAL NAME
Personal name Myers,Charles S.
Relator term Author.
245 ## - TITLE STATEMENT
Title A Text-book Of Experimental Psychology With Laboratory Exercises.
Number of part/section of a work Part Ii,
Name of part/section of a work Laboratory Exercises /
Statement of responsibility, etc. Charles S. Myers, F. C. Bartlett.
250 ## - EDITION STATEMENT
Edition statement Third Edition
264 #2 - PRODUCTION, PUBLICATION, DISTRIBUTION, MANUFACTURE, AND COPYRIGHT NOTICE
Place of production, publication, distribution, manufacture Cambridge:
Name of producer, publisher, distributor, manufacturer The University Press,
Date of production, publication, distribution, manufacture, or copyright notice 1928.
300 ## - PHYSICAL DESCRIPTION
Extent 121 page ;
Dimensions 24 cm.
Other physical details illustrations,
336 ## - CONTENT TYPE
Source rda contenu
Content type term texte
337 ## - MEDIA TYPE
Source rda medias
Media type term Ordinateur
338 ## - CARRIER TYPE
Source transporteur rda
Carrier type term Ressource en ligne
504 ## - BIBLIOGRAPHY, ETC. NOTE
Bibliography, etc. note Bibliography: pages 200-250.
546 ## - LANGUAGE NOTE
Language note Text in English
650 1# - SUBJECT ADDED ENTRY--TOPICAL TERM
Topical term or geographic name entry element Criminal Law
Source of heading or term qrmak
650 1# - SUBJECT ADDED ENTRY--TOPICAL TERM
Topical term or geographic name entry element Psychological Approach
Source of heading or term qrmak
651 1# - SUBJECT ADDED ENTRY--GEOGRAPHIC NAME
Source of heading or term qrmak
700 1# - ADDED ENTRY--PERSONAL NAME
Personal name Bartlett, F. C
Relator term Annotator.
856 40 - ELECTRONIC LOCATION AND ACCESS
Uniform Resource Identifier <a href="https://fll.law.cu.edu.eg/fulltext/bks/B10-11289.pdf">https://fll.law.cu.edu.eg/fulltext/bks/B10-11289.pdf</a>
905 ## - Cataloger and Reviser Names
Cataloger Name: Yasmin Sayed
942 ## - ADDED ENTRY ELEMENTS (KOHA)
Source of classification or shelving scheme Dewey Decimal Classification
Suppress in OPAC No
Koha item type Books
Edition 21
Holdings
Withdrawn status Lost status Source of classification or shelving scheme Damaged status Not for loan Collection Home library Current library Date acquired Total checkouts Full call number Barcode Date last seen Copy number Price effective from Koha item type
    Dewey Decimal Classification   Not for loan القانون الجنائي جــــامعة القــاهرة مكتبة كلية الحقوق - المبنى الرئيسي 02.05.2026   Law1 10 343.623 MY . T 3 ed - 1928 1011289 V2, C1 B10-11289 02.05.2026 1 02.05.2026 Books

© All rights reserved — Faculty of Law, Cairo University